logo

Bir Sreshtho Munshi Abdur Rouf Library
Jhenaidah Cadet College

Principles of physical geology / (Record no. 7617)

MARC details
000 -LEADER
fixed length control field 00869cam a22002891a 4500
003 - CONTROL NUMBER IDENTIFIER
JCCL marc code BD-JhCC
005 - DATE AND TIME OF LATEST TRANSACTION
control field 20180212124816.0
008 - FIXED-LENGTH DATA ELEMENTS--GENERAL INFORMATION
fixed length control field 711124s1965 nyuab b 001 0 eng
029 1# - (OCLC)
OCLC library identifier NLGGC
System control number 784652767
029 1# - (OCLC)
OCLC library identifier NZ1
System control number 3835396
029 1# - (OCLC)
OCLC library identifier AU@
System control number 000000650591
035 ## - SYSTEM CONTROL NUMBER
system control number BD-JhCC
040 ## - CATALOGING SOURCE
Original cataloging agency DLC
Transcribing agency DLC
Modifying agency LVB
-- MYG
-- BD-JhCC
041 ## - LANGUAGE CODE
Language code of Book eng
050 0# - LIBRARY OF CONGRESS CALL NUMBER
Classification number QE26.H65 1965
082 ## - DEWEY DECIMAL CLASSIFICATION NUMBER
Classification number 550
Author mark and Year HOL 1965
100 1# - MAIN ENTRY--PERSONAL NAME
Personal name Holmes, Arthur,
Dates associated with a name 1890-1965.
245 10 - TITLE STATEMENT
Title Principles of physical geology /
Statement of responsibility, etc Arthur Holmes.
250 ## - EDITION STATEMENT
Edition statement New and fully rev. ed.
260 ## - PUBLICATION, DISTRIBUTION, ETC. (IMPRINT)
Place of publication, distribution, etc New York :
Name of publisher, distributor, etc Ronald Press Company,
Date of publication, distribution, etc [1965]
300 ## - PHYSICAL DESCRIPTION
Pagination xv, 1288 p. :
Other physical details ill., maps ;
Dimensions 24 cm.
504 ## - BIBLIOGRAPHY, ETC. NOTE
Bibliography, etc Includes bibliographical references and index.
650 #0 - SUBJECT ADDED ENTRY--TOPICAL TERM
Topical term or geographic name as entry element Physical geology.
942 ## - ADDED ENTRY ELEMENTS (KOHA)
Source of classification or shelving scheme Dewey Decimal Classification
Koha item type Books
949 #0 - LOCAL PROCESSING INFORMATION (OCLC)
3 g
a x
b LSA
c OCC
o 0
p 39080034067543
x 15
h QE26.H65 1965

No items available.


JCC Library | Contacts | JCC Home

Last Update on 23 September 2017
Copyright @ 2017-2020 JCC Rouf Library
Rouf Library, Jhenidah Cadet College (JCC), Bangladesh